000 00584nam a22001697a 4500
003 NUST
038 _aNusrat Nadeem
082 _a200
100 _aHassan, Muhammad Mateen
_9124472
245 _aDesign and Development of MIMO Reconfigurable Antenna System Based on MEMS Technology/
_cMuhammad Mateen Hassan,
264 _aRawalpindi;
_bMCS NUST;
_c2021
300 _a119,p;
_bill;
_c30,cm.
650 _aPh.D-Electrical Engineering
_9124451
700 _aSupervisor:Dr.Adnan Ahmed Khan
_9124473
856 _uhttp://10.250.8.41:8080/xmlui/handle/123456789/23792
942 _2ddc
_cSC
999 _c610327
_d610327